| 000 | 01183nam a22002537i 4500 | ||
|---|---|---|---|
| 999 |
_c23385 _d23385 |
||
| 003 | AR-CdUCM | ||
| 008 | 250902b20192019 pe||||| |||| 00| 0 spa d | ||
| 040 |
_aMUNICIPALIDAD PROVINCIAL DEL CUSCO _cBIBLIOTECA MUNICIPAL DEL CUSCO |
||
| 041 | _hspa | ||
| 082 |
_a985 / G88 _bG88 |
||
| 100 |
_aGuevara Cusipaucar, Néstor _951475 |
||
| 245 |
_a¡ Llego la hora para la Unidad del Pueblo ! : _bPropuesta: El pueblo organizado a un nuevo poder legislativo / |
||
| 260 |
_aCusco : _bEditor-Autor _c2019 |
||
| 300 |
_a72 páginas. : _bIlustraciones _c21x15 cm. |
||
| 505 | _a200 Años de vida republicana -- Época virreinal -- Época republicana -- Cusco, venerable ciudad abuela de América -- Partidos y agrupaciones políticas -- La población votante -- Las redes sociales -- Los medios de comunicación -- La desocupación y la falta de trabajo -- La inseguridad ciudadana -- La corrupción | ||
| 650 |
_aNuestro pasado _951476 |
||
| 650 |
_aEpoca virreinal _948188 |
||
| 650 |
_aPoblación _93673 |
||
| 650 |
_aMedios de comunicación _911199 |
||
| 650 |
_aGobiernos democráticos _951477 |
||
| 650 |
_aRedes sociales _944393 |
||
| 942 |
_2ddc _cLIBROS |
||
| 945 |
_apbjr _d2-09-2025 |
||